[Event "Quebec-ch opB"]
[Site "Montreal"]
[Date "2010.07.29"]
[Round "7"]
[White "Khaziyeva, Dinara"]
[Black "Dumont, Felix"]
[Result "1-0"]
[WhiteElo "2158"]
[BlackElo "2070"]
[PlyCount "89"]
[EventDate "2010.07.24"]
[EventType "swiss"]
[EventRounds "9"]
[EventCountry "CAN"]
[SourceTitle "EXT 2013"]
[Source "ChessBase"]
[SourceDate "2012.11.22"]
[SourceVersion "1"]
[SourceVersionDate "2012.11.22"]
[SourceQuality "1"]

1. b3 e5 2. Bb2 Nc6 3. e3 Nf6 4. Ne2 d5 5. g3 Be7 6. Bg2 Be6 7. d3 Qd7 8. h3 0-0-0 9. Nd2 h5 10. Nf3 Bd6 11. Ng5 Qe7 12. Nxe6 fxe6 13. Nc3 d4 14. Ne4 Nxe4 15. Bxe4 dxe3 16. Bxc6 exf2+ 17. Kxf2 bxc6 18. Qe2 Rdf8+ 19. Kg2 h4 20. g4 Qg5 21. Rhf1 Kd7 22. Rae1 Rf5 23. d4 Rhf8 24. Rxf5 Rxf5 25. dxe5 Bc5 26. Bc1 Qg6 27. Qd3+ Ke7 28. Kh1 Rg5 29. Bxg5+ Qxg5 30. Qc3 Bb6 31. Rf1 Qg6 32. Qxc6 a5 33. Rd1 Qe8 34. Qxe8+ Kxe8 35. Kg2 g5 36. Kf3 Ke7 37. Ke4 Bc5 38. Rf1 Bb4 39. Rf6 Bd2 40. Rg6 c5 41. Rg7+ Kd8 42. Ra7 Bc3 43. a3 Ke8 44. Rg7 Bd2 45. Rc7 1-0

[Event "Olympiad Women-37"]
[Site "Turin"]
[Date "2006.05.30"]
[Round "9"]
[White "Zimina, Olga"]
[Black "Khaziyeva, Dinara"]
[Result "1/2-1/2"]
[WhiteElo "2404"]
[BlackElo "2103"]
[PlyCount "132"]
[EventDate "2006.05.21"]
[EventType "team-swiss"]
[EventRounds "13"]
[EventCountry "ITA"]
[SourceTitle "CBM 112 Extra"]
[Source "ChessBase"]
[SourceDate "2006.07.14"]
[SourceVersion "1"]
[SourceVersionDate "2006.07.14"]
[SourceQuality "1"]
[WhiteTeam "Italy (W)"]
[BlackTeam "Canada (W)"]
[WhiteTeamCountry "ITA"]
[BlackTeamCountry "CAN"]

1. e4 e5 2. Nf3 d6 3. d4 Nf6 4. Nc3 Nbd7 5. Bc4 Be7 6. 0-0 0-0 7. Re1 c6 8. a4 Qc7 9. Bg5 h6 10. Bh4 g6 11. a5 Re8 12. d5 Nf8 13. Bxf6 Bxf6 14. h3 c5 15. Bd3 g5 16. Nd2 Ng6 17. Nc4 Qe7 18. a6 b6 19. Nb5 Rd8 20. Be2 Bg7 21. Bg4 Bf8 22. Ne3 Bxg4 23. hxg4 Qd7 24. c4 Ne7 25. Kf1 Kh7 26. Ke2 Bg7 27. Rh1 Rh8 28. Kd2 Bf8 29. Qf3 Kg7 30. Kc2 Rd8 31. Rh3 Kg8 32. Nf1 Ng6 33. Rh2 Nh4 34. Qe2 Qe7 35. Ne3 Rd7 36. g3 Ng6 37. Qf3 Qd8 38. Nf5 Ne7 39. Nfxd6 Rxd6 40. Nxa7 Qa8 41. Nb5 Rd7 42. a7 Rh7 43. Qf6 Rb7 44. Ra6 Nc8 45. Qc6 f6 46. f3 Rhf7 47. Qxc8 Qxc8 48. a8Q Rb8 49. Qxb8 Qxb8 50. Rh1 Rb7 51. Rha1 Qd8 52. Ra8 Qd7 53. Rh1 Qf7 54. Nd6 Qd7 55. Nxb7 Qxb7 56. Rha1 b5 57. R1a7 Qb6 58. Ra6 Qb7 59. R8a7 Qb8 60. Ra8 Qb7 61. R6a7 Qb6 62. Ra6 Qb7 63. R8a7 Qb8 64. Ra8 Qb7 65. R8a7 Qb8 66. Ra8 Qb7 1/2-1/2

[Event "Olympiad Women-36"]
[Site "Mallorca"]
[Date "2004.10.27"]
[Round "12.2"]
[White "Khaziyeva, Dinara"]
[Black "Quinn, Deborah"]
[Result "1-0"]
[WhiteElo "2100"]
[BlackElo "2050"]
[PlyCount "79"]
[EventDate "2004.10.15"]
[EventType "team-swiss"]
[EventRounds "14"]
[EventCountry "ESP"]
[SourceTitle "CBM 102 Extra"]
[Source "ChessBase"]
[SourceDate "2004.11.03"]
[SourceVersion "1"]
[SourceVersionDate "2004.11.03"]
[SourceQuality "1"]
[WhiteTeam "Canada (W)"]
[BlackTeam "Ireland (W)"]
[WhiteTeamCountry "CAN"]
[BlackTeamCountry "IRL"]

1. Nf3 Nf6 2. c4 c6 3. d4 d5 4. Nc3 a6 5. Qb3 dxc4 6. Qxc4 b5 7. Qd3 e6 8. e4 Bb7 9. Bg5 Be7 10. Rc1 0-0 11. Be2 Nbd7 12. e5 Nd5 13. Bxe7 Nxe7 14. Ng5 Ng6 15. h4 c5 16. f4 Ndxe5 17. fxe5 Qxd4 18. Nce4 Qxd3 19. Bxd3 Nxe5 20. Bb1 h6 21. Nf3 Nxf3+ 22. gxf3 c4 23. Ke2 Rfd8 24. Rcd1 Rd5 25. Nd6 Rxd1 26. Rxd1 Bd5 27. Be4 Bxe4 28. Nxe4 Kf8 29. Rd7 Ke8 30. Rb7 Rd8 31. Rb6 Rd5 32. Rxa6 Rh5 33. Rb6 Re5 34. Rxb5 Rd5 35. Rxd5 exd5 36. Nc3 d4 37. Nb5 d3+ 38. Ke3 Ke7 39. Na3 g5 40. hxg5 1-0

[Event "CAN-ch"]
[Site "Toronto"]
[Date "2004.08.24"]
[Round "5"]
[White "Goutor, Valentina"]
[Black "Khaziyeva, Dinara"]
[Result "1/2-1/2"]
[WhiteElo "1915"]
[BlackElo "2125"]
[PlyCount "82"]
[EventDate "2004.08.20"]
[EventType "swiss"]
[EventRounds "9"]
[EventCountry "CAN"]
[SourceTitle "CBM 101 Extra"]
[Source "ChessBase"]
[SourceDate "2004.09.01"]
[SourceVersion "2"]
[SourceVersionDate "2004.09.01"]
[SourceQuality "1"]

1. e4 d6 2. d4 e5 3. dxe5 dxe5 4. Qxd8+ Kxd8 5. Bc4 f6 6. Be3 c6 7. Nc3 Nd7 8. 0-0-0 Kc7 9. Nge2 b5 10. Nxb5+ cxb5 11. Bd5 Kb8 12. Bxa8 Kxa8 13. Rxd7 Bxd7 14. Rd1 Bc8 15. Rd8 Ne7 16. Bc5 Ng6 17. Rxc8+ Kb7 18. Bxf8 Kxc8 19. Bxg7 Rg8 20. Bh6 Ne7 21. g3 Kc7 22. Be3 a5 23. Bc5 Nc8 24. Nc3 Kc6 25. b4 axb4 26. Bxb4 Rg7 27. Kd2 Nb6 28. Ke2 Rd7 29. f3 h5 30. a3 Rg7 31. Nd1 Nc4 32. Ne3 Nxe3 33. Kxe3 Rc7 34. h3 Kd7 35. c3 Ke6 36. g4 h4 37. Kd2 Rd7+ 38. Kc2 Kf7 39. Bc5 Rc7 40. Bf2 Kg6 41. Be3 Rc4 1/2-1/2

[Event "CAN-ch"]
[Site "Toronto"]
[Date "2004.08.23"]
[Round "4"]
[White "Khaziyeva, Dinara"]
[Black "Starr, Nava"]
[Result "0-1"]
[WhiteElo "2125"]
[BlackElo "2202"]
[PlyCount "94"]
[EventDate "2004.08.20"]
[EventType "swiss"]
[EventRounds "9"]
[EventCountry "CAN"]
[SourceTitle "CBM 101 Extra"]
[Source "ChessBase"]
[SourceDate "2004.09.01"]
[SourceVersion "2"]
[SourceVersionDate "2004.09.01"]
[SourceQuality "1"]

1. Nf3 g6 2. g3 Bg7 3. Bg2 d5 4. c4 d4 5. d3 c5 6. 0-0 Nc6 7. a3 Bg4 8. h3 Bd7 9. Nbd2 Qc8 10. Kh2 Qc7 11. Ne4 b6 12. Rb1 a5 13. b3 Rd8 14. Ne1 f5 15. Nd2 Nf6 16. Nc2 0-0 17. b4 f4 18. Ne4 fxg3+ 19. fxg3 Nxe4 20. Bxe4 Be5 21. Rxf8+ Rxf8 22. Qg1 Bf5 23. Bf3 Kg7 24. Qg2 Nd8 25. bxa5 bxa5 26. Bd2 Bd7 27. Ne1 h5 28. h4 a4 29. Be4 Bf6 30. Bf4 Qa5 31. Rc1 Ne6 32. e3 dxe3 33. Bxe3 Rb8 34. g4 Rb2 35. Nc2 Qc7+ 36. Kg1 Nf4 37. Qd2 Nh3+ 38. Kg2 hxg4 39. Rf1 Be6 40. d4 Bxc4 41. Re1 Bxh4 42. Bh6+ Kg8 43. Re3 Nf4+ 44. Kg1 Rb1+ 45. Ne1 Bxe1 46. Rxe1 Ne2+ 47. Kh1 Qg3 0-1

[Event "World-ch (Women) k.o."]
[Site "Elista"]
[Date "2004.05.23"]
[Round "1.2"]
[White "Khaziyeva, Dinara"]
[Black "Galliamova, Alisa"]
[Result "0-1"]
[WhiteElo "2110"]
[BlackElo "2502"]
[PlyCount "66"]
[EventDate "2004.05.22"]
[EventType "k.o."]
[EventRounds "6"]
[EventCountry "RUS"]
[SourceTitle "CBM 100 Extra"]
[Source "ChessBase"]
[SourceDate "2004.07.06"]
[SourceVersion "2"]
[SourceVersionDate "2004.07.06"]
[SourceQuality "1"]

1. c4 e5 2. g3 Nc6 3. Bg2 Nf6 4. Nc3 Bc5 5. d3 d6 6. a3 a5 7. Bg5 Bxf2+ 8. Kf1 Bxg1 9. Kxg1 h6 10. Bd2 0-0 11. h3 Nd4 12. Kh2 c6 13. e3 Ne6 14. e4 Nh7 15. Rf1 Nhg5 16. Be3 Bd7 17. Rf2 Qe7 18. Qh5 Nd4 19. Raf1 b5 20. cxb5 Nxb5 21. Ne2 c5 22. h4 Nh7 23. Bh3 Bxh3 24. Kxh3 Qe6+ 25. g4 Nc7 26. Kg2 Rab8 27. Bc1 Rb3 28. Rf3 c4 29. dxc4 Rxf3 30. Rxf3 Qxc4 31. Nc3 Nb5 32. Nxb5 Qxc1 33. Rf2 g6 0-1

[Event "Toronto zt 2.2 (Women)"]
[Site "Toronto"]
[Date "2004.04.11"]
[Round "6"]
[White "Belc, Daniela"]
[Black "Khaziyeva, Dinara"]
[Result "0-1"]
[WhiteElo "2065"]
[BlackElo "2110"]
[PlyCount "132"]
[EventDate "2004.04.09"]
[EventType "swiss"]
[EventRounds "6"]
[EventCountry "CAN"]
[SourceTitle "CBM 099 Extra"]
[Source "ChessBase"]
[SourceDate "2004.05.04"]
[SourceVersion "1"]
[SourceVersionDate "2004.05.04"]
[SourceQuality "1"]

1. d4 d6 2. Nf3 c6 3. c4 Nd7 4. e4 e5 5. Nc3 Ngf6 6. Be2 Be7 7. 0-0 0-0 8. Re1 Qc7 9. h3 Re8 10. Bf1 Nf8 11. Be3 Ng6 12. Qd2 Bd7 13. Rad1 b6 14. b4 Rad8 15. b5 Bc8 16. Qb2 Bb7 17. bxc6 Bxc6 18. Nd5 Bxd5 19. cxd5 Nxe4 20. dxe5 dxe5 21. Bxb6 Qxb6 22. Qxb6 axb6 23. Rxe4 Bc5 24. Bc4 Rd6 25. Re2 h6 26. Rde1 f6 27. g3 Kf8 28. h4 Ne7 29. Rd1 Red8 30. Red2 Nf5 31. g4 Ne7 32. h5 Bb4 33. Rb2 Ba5 34. Rb5 g5 35. Nd2 Bxd2 36. Rxd2 Rc8 37. Bb3 Rc7 38. Kg2 Rc3 39. Bc2 Ke8 40. a4 Rc5 41. Rxc5 bxc5 42. Bb3 Nc6 43. Bc4 Na5 44. Bb5+ Kd8 45. Kf3 Nb3 46. Rd1 Nd4+ 47. Ke4 Kc7 48. Bc4 Rb6 49. Rc1 Rb4 50. a5 Nb3 51. Rc2 Nxa5 52. Kd3 Nxc4 53. Rxc4 Kd6 54. Rc1 Kxd5 55. f3 c4+ 56. Ke2 Rb2+ 57. Ke3 Rb3+ 58. Ke2 Kd4 59. Rd1+ Rd3 60. Ra1 Re3+ 61. Kf2 c3 62. Ra6 c2 63. Rd6+ Kc5 64. Kxe3 Kxd6 65. Kd2 Kd5 66. Kxc2 e4 0-1

[Event "Quebec-ch classe"]
[Site "Repentigny"]
[Date "2003.11.23"]
[Round "4"]
[White "Khaziyeva, Dinara"]
[Black "Sauve, Richard"]
[Result "1/2-1/2"]
[WhiteElo "2029"]
[BlackElo "1921"]
[PlyCount "134"]
[EventDate "2003.11.21"]
[EventType "swiss"]
[EventRounds "5"]
[EventCountry "CAN"]
[SourceTitle "EXT 2022"]
[Source "ChessBase"]
[SourceDate "2021.10.06"]
[SourceVersion "1"]
[SourceVersionDate "2021.10.06"]
[SourceQuality "1"]

1. b3 d5 2. Bb2 Nf6 3. e3 e6 4. Nf3 Be7 5. d4 0-0 6. Nbd2 c5 7. c4 cxd4 8. Nxd4 Nc6 9. Bd3 Nxd4 10. Bxd4 b6 11. 0-0 Bb7 12. Rc1 Rc8 13. Qe2 dxc4 14. Bxc4 Ba3 15. Rcd1 Qe7 16. Nf3 Rfd8 17. Ne5 Bc5 18. Ba1 Bb4 19. Rxd8+ Rxd8 20. Rd1 Ne4 21. Rxd8+ Qxd8 22. Qd3 Qc7 23. Qd7 Qxd7 24. Nxd7 Nd2 25. Bd3 f6 26. f3 Kf7 27. Nb8 Bd6 28. Na6 e5 29. Bb2 e4 30. fxe4 Nxe4 31. a3 Nd2 32. Nb4 a5 33. Nc2 Nb1 34. g3 Nd2 35. Kf2 Bd5 36. b4 Ne4+ 37. Ke2 g6 38. Bd4 Bc7 39. Ba6 f5 40. Ne1 Nd6 41. Kd3 axb4 42. axb4 b5 43. Bc5 Bc4+ 44. Kd4 Ne4 45. Nf3 Be2 46. Ne5+ Ke6 47. Bc8+ Kf6 48. Nd7+ Kg5 49. Kd5 h5 50. Kc6 Nxc5 51. Kxc5 h4 52. Ba6 hxg3 53. hxg3 Bxg3 54. Bxb5 Bxb5 55. Kxb5 Bf2 56. Kc4 Bxe3 57. b5 f4 58. b6 Bxb6 59. Nxb6 f3 60. Kd3 Kf4 61. Nd5+ Kg3 62. Ne3 g5 63. Ke4 f2 64. Nf1+ Kg2 65. Ne3+ Kg3 66. Nf1+ Kh3 67. Kf3 g4+ 1/2-1/2

[Event "Le Bolduc-B 2nd"]
[Site "Montreal"]
[Date "2003.10.27"]
[Round "11"]
[White "Cazelais, Marc"]
[Black "Khaziyeva, Dinara"]
[Result "0-1"]
[WhiteElo "2166"]
[BlackElo "2108"]
[PlyCount "76"]
[EventDate "2003.09.??"]
[EventType "tourn"]
[EventRounds "11"]
[EventCountry "CAN"]
[SourceTitle "EXT 2006"]
[Source "ChessBase"]
[SourceDate "2005.11.24"]
[SourceVersion "1"]
[SourceVersionDate "2005.11.24"]
[SourceQuality "1"]

1. e4 c5 2. Nf3 Nf6 3. e5 Nd5 4. d4 cxd4 5. Qxd4 e6 6. Bc4 Nc6 7. Qe4 f5 8. Qe2 Nde7 9. 0-0 Ng6 10. b3 Qc7 11. Bb2 Be7 12. Re1 0-0 13. Nbd2 Nd8 14. a3 Kh8 15. b4 Nf7 16. Bb3 b6 17. c4 Bb7 18. Rac1 Qc6 19. c5 bxc5 20. Bd4 Nf4 21. Qf1 Qa6 22. Bc4 Qxa3 23. bxc5 Qa5 24. Rb1 Qc7 25. Ba6 Bc6 26. Qc4 g5 27. Rec1 Nxg2 28. Kxg2 g4 29. Kf1 gxf3 30. Qc3 Ng5 31. Bd3 Qd8 32. Bb5 Ne4 33. Nxe4 Bxe4 34. Bd3 Qe8 35. Ke1 Qg6 36. Kd2 Bg5+ 37. Be3 Bxe3+ 38. Kxe3 Qg5+ 0-1

[Event "Le Bolduc-B 2nd"]
[Site "Montreal"]
[Date "2003.10.06"]
[Round "5"]
[White "Trinh, Tri Bao"]
[Black "Khaziyeva, Dinara"]
[Result "1/2-1/2"]
[WhiteElo "2059"]
[BlackElo "2108"]
[PlyCount "23"]
[EventDate "2003.09.??"]
[EventType "tourn"]
[EventRounds "11"]
[EventCountry "CAN"]
[SourceTitle "EXT 2006"]
[Source "ChessBase"]
[SourceDate "2005.11.24"]
[SourceVersion "1"]
[SourceVersionDate "2005.11.24"]
[SourceQuality "1"]

1. e4 c6 2. Nf3 d5 3. Nc3 dxe4 4. Nxe4 Nf6 5. Nxf6+ exf6 6. d4 Bd6 7. Bd3 Bg4 8. h3 Bxf3 9. Qxf3 0-0 10. 0-0 Re8 11. Bd2 Nd7 12. Rfe1 1/2-1/2

[Event "Le Bolduc-B 2nd"]
[Site "Montreal"]
[Date "2003.09.24"]
[Round "2"]
[White "Khaziyeva, Dinara"]
[Black "Rousseau, Daniel"]
[Result "1/2-1/2"]
[WhiteElo "2108"]
[BlackElo "2044"]
[PlyCount "96"]
[EventDate "2003.09.??"]
[EventType "tourn"]
[EventRounds "11"]
[EventCountry "CAN"]
[SourceTitle "EXT 2006"]
[Source "ChessBase"]
[SourceDate "2005.11.24"]
[SourceVersion "1"]
[SourceVersionDate "2005.11.24"]
[SourceQuality "1"]

1. c4 Nf6 2. g3 g6 3. Bg2 Bg7 4. Nf3 0-0 5. 0-0 d6 6. d3 e5 7. Nc3 Nc6 8. Bg5 h6 9. Bxf6 Bxf6 10. Rb1 Bg7 11. Nd2 Nd4 12. e3 Ne6 13. b4 f5 14. Qc2 Rb8 15. b5 Bd7 16. Nb3 c6 17. a4 Qc7 18. Rfc1 Nc5 19. Nxc5 dxc5 20. bxc6 bxc6 21. Rxb8 Rxb8 22. Rb1 Rb4 23. Na2 Rxb1+ 24. Qxb1 Qb6 25. Qxb6 axb6 26. Nc1 Kf7 27. Nb3 Ke7 28. a5 bxa5 29. Nxa5 Kd6 30. Nb7+ Kc7 31. Nxc5 Bc8 32. Kf1 Bf8 33. Nb3 Kb6 34. Ke2 Bb4 35. f4 exf4 36. gxf4 Bd6 37. h3 g5 38. fxg5 hxg5 39. Nd4 Bd7 40. Nf3 Be7 41. d4 c5 42. Ne5 Be8 43. d5 Kc7 44. Nd3 Bg6 45. Nf2 Kd6 46. e4 Ke5 47. Ke3 f4+ 48. Kd3 Bh5 1/2-1/2

[Event "CAN-ch U18"]
[Site "Shawinigan"]
[Date "2003.??.??"]
[Round "7"]
[White "Khaziyeva, Dinara"]
[Black "Charbonneau, Anne Marie"]
[Result "1/2-1/2"]
[WhiteElo "2108"]
[BlackElo "2052"]
[PlyCount "64"]
[EventDate "2003.??.??"]
[EventType "swiss"]
[EventRounds "7"]
[EventCountry "CAN"]
[SourceTitle "EXT 2005"]
[Source "ChessBase"]
[SourceDate "2004.11.15"]
[SourceVersion "1"]
[SourceVersionDate "2004.11.15"]
[SourceQuality "1"]

1. Nf3 e6 2. c4 d5 3. b3 Nf6 4. g3 b6 5. Bg2 Bb7 6. 0-0 c5 7. e3 Be7 8. d3 0-0 9. Bb2 Nbd7 10. Qe2 Qc7 11. Nbd2 Rac8 12. Ne1 e5 13. f4 e4 14. cxd5 Nxd5 15. dxe4 Nb4 16. a3 Ba6 17. Nc4 Nc6 18. Qg4 Nf6 19. Bxf6 Bxf6 20. e5 Be7 21. Be4 Na5 22. Nxa5 Bxf1 23. Nc6 Bb5 24. Nxe7+ Qxe7 25. Nf3 h6 26. Qf5 g6 27. Qh3 Bc6 28. Bxc6 Rxc6 29. Qxh6 f5 30. Rd1 Rd8 31. Rxd8+ Qxd8 32. Nh4 Qd1+ 1/2-1/2

[Event "Montreal op1"]
[Site "Montreal"]
[Date "2003.??.??"]
[Round "3"]
[White "Khaziyeva, Dinara"]
[Black "Gilman, Arkadiy M"]
[Result "1-0"]
[WhiteElo "2108"]
[BlackElo "2221"]
[PlyCount "72"]
[EventDate "2003.??.??"]
[EventType "swiss"]
[EventRounds "5"]
[EventCountry "CAN"]
[SourceTitle "EXT 2005"]
[Source "ChessBase"]
[SourceDate "2004.11.15"]
[SourceVersion "1"]
[SourceVersionDate "2004.11.15"]
[SourceQuality "1"]

1. c4 Nf6 2. Nf3 c6 3. d4 d5 4. Qb3 Qb6 5. c5 Qxb3 6. axb3 Na6 7. Bf4 Bf5 8. Nbd2 Ne4 9. Ra4 f6 10. e3 e5 11. Bxa6 bxa6 12. Bg3 Nxg3 13. hxg3 Bd3 14. dxe5 Bxc5 15. exf6 gxf6 16. Rf4 Ke7 17. Nd4 Rac8 18. Rh6 Bg6 19. N2f3 Bb4+ 20. Ke2 c5 21. Nf5+ Kd7 22. N5h4 Bc2 23. Rfxf6 Bxb3 24. Ne5+ Kc7 25. Rf7+ Kb8 26. Rxa6 Rc7 27. Rxa7 Rxa7 28. Nc6+ Kc8 29. Rxa7 Bc4+ 30. Kd1 Bb3+ 31. Kc1 Be1 32. Ra8+ Kb7 33. Rxh8 Kxc6 34. Rf8 d4 35. exd4 cxd4 36. Rf4 Kc5 1-0

[Event "Wch U16 Girls"]
[Site "Heraklion"]
[Date "2002.11.17"]
[Round "3"]
[White "Khaziyeva, Dinara"]
[Black "Fominykh, Maria"]
[Result "1/2-1/2"]
[WhiteElo "2102"]
[BlackElo "2240"]
[PlyCount "120"]
[EventDate "2002.11.15"]
[EventType "swiss"]
[EventRounds "11"]
[EventCountry "GRE"]
[SourceTitle "CBM 091 Extra"]
[Source "ChessBase"]
[SourceDate "2003.01.09"]
[SourceVersion "1"]
[SourceVersionDate "2003.01.09"]
[SourceQuality "1"]

1. b3 d6 2. Bb2 e5 3. e3 Nf6 4. Nf3 Nbd7 5. Be2 c6 6. d4 Qc7 7. c4 Be7 8. Nc3 0-0 9. 0-0 Re8 10. e4 Bf8 11. d5 Nc5 12. Qc2 a5 13. a3 Qb6 14. Nd2 Bd7 15. Rfb1 g6 16. b4 Na6 17. c5 dxc5 18. dxc6 bxc6 19. Nc4 Qc7 20. bxa5 Ra7 21. Rd1 Bc8 22. f3 Nb8 23. Na4 Ba6 24. Bc3 Nh5 25. g3 Ng7 26. Nab6 f6 27. Nb2 Ne6 28. Bxa6 Rxa6 29. Qb3 Qf7 30. Kf2 Nd4 31. Qxf7+ Kxf7 32. N2c4 Ke6 33. Rab1 Ra7 34. Rd2 Na6 35. Rdb2 Nc7 36. Be1 Ncb5 37. Na4 Rd8 38. Nc3 Nxc3 39. Bxc3 Nb5 40. Be1 Rd4 41. Rc1 Bh6 42. Rcc2 Rd1 43. a4 Nd4 44. Rc3 Ra1 45. Ra3 Rxa3 46. Nxa3 Bc1 47. Ra2 Bxa3 48. Rxa3 Nc2 49. Rc3 Nxe1 50. Kxe1 Rxa5 51. Rc4 Kd6 52. Kd2 Kc7 53. Kc3 Kb6 54. Kb3 Ra7 55. Kc2 Rd7 56. Rc3 Rd4 57. a5+ Kb5 58. Ra3 Rd7 59. Kc3 Ra7 60. Rb3+ Kxa5 1/2-1/2

[Event "Wch U16 Girls"]
[Site "Heraklion"]
[Date "2002.11.16"]
[Round "2"]
[White "Karavade, Eesha"]
[Black "Khaziyeva, Dinara"]
[Result "1/2-1/2"]
[WhiteElo "2171"]
[BlackElo "2102"]
[PlyCount "42"]
[EventDate "2002.11.15"]
[EventType "swiss"]
[EventRounds "11"]
[EventCountry "GRE"]
[SourceTitle "CBM 091 Extra"]
[Source "ChessBase"]
[SourceDate "2003.01.09"]
[SourceVersion "1"]
[SourceVersionDate "2003.01.09"]
[SourceQuality "1"]

1. Nf3 Nf6 2. g3 g6 3. Bg2 Bg7 4. 0-0 0-0 5. c4 c5 6. Nc3 Nc6 7. d4 cxd4 8. Nxd4 Qb6 9. Nb3 d6 10. Be3 Qd8 11. Rc1 Be6 12. Nd5 Ng4 13. Bd4 Nxd4 14. Nxd4 Bxd5 15. Bxd5 Qb6 16. e3 Ne5 17. b3 Nc6 18. Nc2 a5 19. h4 Nb4 20. Nxb4 axb4 21. Rc2 e6 1/2-1/2

[Event "Olympiad Women-35"]
[Site "Bled"]
[Date "2002.10.29"]
[Round "4.3"]
[White "Khaziyeva, Dinara"]
[Black "Hallaeva, Bahar"]
[Result "1/2-1/2"]
[WhiteElo "2102"]
[BlackElo "2163"]
[PlyCount "108"]
[EventDate "2002.10.26"]
[EventType "team-swiss"]
[EventRounds "14"]
[EventCountry "SLO"]
[SourceTitle "EXT 2003"]
[Source "ChessBase"]
[SourceDate "2002.11.25"]
[SourceVersion "1"]
[SourceVersionDate "2002.11.25"]
[SourceQuality "1"]
[WhiteTeam "Canada (W)"]
[BlackTeam "Turkmenistan (W)"]
[WhiteTeamCountry "CAN"]
[BlackTeamCountry "TKM"]

1. c4 e5 2. g3 Nf6 3. Bg2 Nc6 4. d3 Bb4+ 5. Nc3 0-0 6. a3 Bxc3+ 7. bxc3 Ne7 8. e4 c6 9. Nf3 d5 10. Nxe5 dxe4 11. d4 Ng6 12. Nxg6 fxg6 13. 0-0 Be6 14. Qa4 Qd7 15. c5 Bh3 16. Qc4+ Kh8 17. Qe2 Rae8 18. Bf4 Bxg2 19. Kxg2 Nd5 20. Bd2 Rf3 21. Rac1 Qg4 22. Rce1 Qf5 23. Rc1 g5 24. c4 Nf6 25. Rc3 g4 26. Be3 Ng8 27. Rb3 Qc8 28. Rfb1 Rf7 29. Bf4 Nf6 30. Be5 Nd7 31. Qxg4 Nxe5 32. Qxc8 Rxc8 33. dxe5 Rcf8 34. R1b2 Rf5 35. e6 Rxc5 36. e7 Re8 37. Rxb7 Kg8 38. R2b4 a5 39. Ra4 Kf7 40. Ra7 Rxe7 41. R7xa5 Ree5 42. Ra7+ Kf6 43. Rc7 e3 44. fxe3 Rxe3 45. Raa7 Re2+ 46. Kf3 Rxh2 47. Rxg7 Rxc4 48. Rxh7 Rc3+ 49. Kf4 Rc4+ 50. Ke3 Rc3+ 51. Kd4 Rxh7 52. Rxh7 Rxa3 53. Rh6+ Kg5 54. Rxc6 Rxg3 1/2-1/2

[Event "Olympiad Women-35"]
[Site "Bled"]
[Date "2002.10.27"]
[Round "2.2"]
[White "Arnetta, Maria Teresa"]
[Black "Khaziyeva, Dinara"]
[Result "0-1"]
[WhiteElo "2054"]
[BlackElo "2102"]
[PlyCount "72"]
[EventDate "2002.10.26"]
[EventType "team-swiss"]
[EventRounds "14"]
[EventCountry "SLO"]
[SourceTitle "EXT 2003"]
[Source "ChessBase"]
[SourceDate "2002.11.25"]
[SourceVersion "1"]
[SourceVersionDate "2002.11.25"]
[SourceQuality "1"]
[WhiteTeam "Italy (W)"]
[BlackTeam "Canada (W)"]
[WhiteTeamCountry "ITA"]
[BlackTeamCountry "CAN"]

1. e4 c6 2. d4 d5 3. exd5 cxd5 4. Bd3 Nc6 5. c3 g6 6. Bf4 Bg7 7. Nf3 f6 8. 0-0 Nh6 9. Qc2 0-0 10. Re1 Nf7 11. Bg3 e5 12. dxe5 fxe5 13. Bb5 e4 14. Nfd2 Qb6 15. Na3 a6 16. Bf1 Ne7 17. Qb3 Qf6 18. f3 Bh6 19. Nab1 e3 20. Nc4 dxc4 21. Bxc4 b5 22. Bd3 Bf5 23. Be2 Be6 24. Qb4 Nf5 25. Bc7 Rac8 26. Bb6 Rc6 27. Ba7 Ra8 28. Bc5 Rac8 29. Ba7 Bf8 30. Qa5 Qh4 31. Rf1 Bd6 32. f4 Bxf4 33. Rxf4 Qxf4 34. Bf3 Ne5 35. Na3 Nxf3+ 36. gxf3 Qxf3 0-1

[Event "Olympiad Women-35"]
[Site "Bled"]
[Date "2002.10.26"]
[Round "1.3"]
[White "Arakhamia Grant, Ketevan"]
[Black "Khaziyeva, Dinara"]
[Result "1-0"]
[WhiteElo "2413"]
[BlackElo "2102"]
[PlyCount "113"]
[EventDate "2002.10.26"]
[EventType "team-swiss"]
[EventRounds "14"]
[EventCountry "SLO"]
[SourceTitle "EXT 2003"]
[Source "ChessBase"]
[SourceDate "2002.11.25"]
[SourceVersion "1"]
[SourceVersionDate "2002.11.25"]
[SourceQuality "1"]
[WhiteTeam "Georgia (W)"]
[BlackTeam "Canada (W)"]
[WhiteTeamCountry "GEO"]
[BlackTeamCountry "CAN"]

1. e4 c6 2. d4 d5 3. Nd2 dxe4 4. Nxe4 Nf6 5. Nxf6+ exf6 6. Nf3 Bd6 7. Be2 0-0 8. 0-0 Bg4 9. h3 Bh5 10. Nh4 Bg6 11. Nxg6 hxg6 12. c4 Nd7 13. c5 Bc7 14. b4 f5 15. d5 cxd5 16. Qxd5 Qe7 17. Bg5 Qxg5 18. Qxd7 Rac8 19. Bc4 Qf6 20. Rfe1 Be5 21. Rad1 Rc7 22. Qa4 a6 23. Qb3 Re7 24. Re2 Rfe8 25. Rde1 Kf8 26. Qd3 Qh4 27. Qd5 Qd4 28. Kf1 Qxd5 29. Bxd5 f6 30. Rb1 Bd4 31. Rxe7 Rxe7 32. a3 Ke8 33. c6 b6 34. a4 Be5 35. Bc4 Ra7 36. Rd1 a5 37. bxa5 bxa5 38. Rd5 Bc3 39. Ke2 Ke7 40. Kd3 Bb4 41. Bb5 Rc7 42. Kc4 f4 43. Kd3 g5 44. Ke4 g6 45. h4 gxh4 46. Kxf4 Ke6 47. Rd8 g5+ 48. Ke4 Bc3 49. Re8+ Kf7 50. Rb8 Ke7 51. Kd5 Bb4 52. Rh8 Bc3 53. Kc5 f5 54. Rg8 Ra7 55. Rxg5 f4 56. Rh5 Be1 57. Re5+ 1-0

[Event "Montreal op 06"]
[Site "Montreal"]
[Date "2002.06.08"]
[Round "3"]
[White "Khaziyeva, Dinara"]
[Black "Liard, Serge"]
[Result "1/2-1/2"]
[WhiteElo "2056"]
[BlackElo "1973"]
[PlyCount "58"]
[EventDate "2002.06.07"]
[EventType "swiss"]
[EventRounds "5"]
[EventCountry "CAN"]
[SourceTitle "EXT 2009"]
[Source "ChessBase"]
[SourceDate "2008.11.26"]
[SourceVersion "1"]
[SourceVersionDate "2008.11.26"]
[SourceQuality "1"]

1. b3 d5 2. Bb2 Nf6 3. e3 Nbd7 4. Nf3 e6 5. c4 c6 6. d3 Bd6 7. Nbd2 0-0 8. g3 e5 9. Bg2 Nc5 10. Qc2 e4 11. dxe4 dxe4 12. Ng5 Nd3+ 13. Kf1 Nxf2 14. Ngxe4 N2xe4 15. Nxe4 Ng4 16. Qd2 Bc7 17. Qxd8 Rxd8 18. Ke2 f5 19. Nc5 Re8 20. Bd4 Be5 21. Kd2 Rd8 22. Kc3 Nxe3 23. Bxe5 Nxg2 24. Rhg1 Ne3 25. Rge1 Ng4 26. Bc7 Rf8 27. Bd6 Rd8 28. Bc7 Rf8 29. Bd6 Rd8 1/2-1/2